<?xml version="1.0" encoding="UTF-8"?>
<record
    xmlns:xsi="http://www.w3.org/2001/XMLSchema-instance"
    xsi:schemaLocation="http://www.loc.gov/MARC21/slim http://www.loc.gov/standards/marcxml/schema/MARC21slim.xsd"
    xmlns="http://www.loc.gov/MARC21/slim">

  <leader>00388nam a22001697a 4500</leader>
  <controlfield tag="003">OSt</controlfield>
  <controlfield tag="005">20251004111451.0</controlfield>
  <controlfield tag="007">1067 pages</controlfield>
  <controlfield tag="008">251004b        |||||||| |||| 00| 0 eng d</controlfield>
  <datafield tag="020" ind1=" " ind2=" ">
    <subfield code="a">9789352837236</subfield>
  </datafield>
  <datafield tag="040" ind1=" " ind2=" ">
    <subfield code="c"> </subfield>
  </datafield>
  <datafield tag="082" ind1=" " ind2=" ">
    <subfield code="2">18</subfield>
    <subfield code="a">530</subfield>
    <subfield code="b">MUR</subfield>
  </datafield>
  <datafield tag="245" ind1=" " ind2=" ">
    <subfield code="a">Modern Physics</subfield>
    <subfield code="c">Murugeshan,R</subfield>
  </datafield>
  <datafield tag="250" ind1=" " ind2=" ">
    <subfield code="a">18</subfield>
  </datafield>
  <datafield tag="260" ind1=" " ind2=" ">
    <subfield code="b">S.Chand</subfield>
    <subfield code="c">2024</subfield>
  </datafield>
  <datafield tag="942" ind1=" " ind2=" ">
    <subfield code="2">ddc</subfield>
    <subfield code="c">BK</subfield>
    <subfield code="e">18</subfield>
    <subfield code="k">530</subfield>
    <subfield code="m">MUR</subfield>
    <subfield code="n">0</subfield>
  </datafield>
  <datafield tag="999" ind1=" " ind2=" ">
    <subfield code="c">36256</subfield>
    <subfield code="d">36256</subfield>
  </datafield>
  <datafield tag="952" ind1=" " ind2=" ">
    <subfield code="0">0</subfield>
    <subfield code="1">0</subfield>
    <subfield code="2">ddc</subfield>
    <subfield code="4">0</subfield>
    <subfield code="7">0</subfield>
    <subfield code="8">PHY</subfield>
    <subfield code="a">CRCE</subfield>
    <subfield code="b">CRCE</subfield>
    <subfield code="d">2025-10-04</subfield>
    <subfield code="g">625.00</subfield>
    <subfield code="i">AO/25/09/487 dt 26.09.2025</subfield>
    <subfield code="l">0</subfield>
    <subfield code="o">530/MUR</subfield>
    <subfield code="p">26879</subfield>
    <subfield code="r">2025-10-04</subfield>
    <subfield code="w">2025-10-04</subfield>
    <subfield code="y">BK</subfield>
  </datafield>
  <datafield tag="952" ind1=" " ind2=" ">
    <subfield code="0">0</subfield>
    <subfield code="1">0</subfield>
    <subfield code="2">ddc</subfield>
    <subfield code="4">0</subfield>
    <subfield code="7">0</subfield>
    <subfield code="8">PHY</subfield>
    <subfield code="a">CRCE</subfield>
    <subfield code="b">CRCE</subfield>
    <subfield code="d">2025-10-04</subfield>
    <subfield code="g">625.00</subfield>
    <subfield code="i">AO/25/09/487 dt 26.09.2025</subfield>
    <subfield code="l">0</subfield>
    <subfield code="o">530/MUR</subfield>
    <subfield code="p">26880</subfield>
    <subfield code="r">2025-10-04</subfield>
    <subfield code="w">2025-10-04</subfield>
    <subfield code="y">BK</subfield>
  </datafield>
  <datafield tag="952" ind1=" " ind2=" ">
    <subfield code="0">0</subfield>
    <subfield code="1">0</subfield>
    <subfield code="2">ddc</subfield>
    <subfield code="4">0</subfield>
    <subfield code="7">0</subfield>
    <subfield code="8">PHY</subfield>
    <subfield code="a">CRCE</subfield>
    <subfield code="b">CRCE</subfield>
    <subfield code="d">2025-10-04</subfield>
    <subfield code="g">625.00</subfield>
    <subfield code="i">AO/25/09/487 dt 26.09.2025</subfield>
    <subfield code="l">0</subfield>
    <subfield code="o">530/MUR</subfield>
    <subfield code="p">26881</subfield>
    <subfield code="r">2025-10-04</subfield>
    <subfield code="w">2025-10-04</subfield>
    <subfield code="y">BK</subfield>
  </datafield>
  <datafield tag="952" ind1=" " ind2=" ">
    <subfield code="0">0</subfield>
    <subfield code="1">0</subfield>
    <subfield code="2">ddc</subfield>
    <subfield code="4">0</subfield>
    <subfield code="7">0</subfield>
    <subfield code="8">PHY</subfield>
    <subfield code="a">CRCE</subfield>
    <subfield code="b">CRCE</subfield>
    <subfield code="d">2025-10-04</subfield>
    <subfield code="g">625.00</subfield>
    <subfield code="i">AO/25/09/487 dt 26.09.2025</subfield>
    <subfield code="l">0</subfield>
    <subfield code="o">530/MUR</subfield>
    <subfield code="p">26882</subfield>
    <subfield code="r">2025-10-04</subfield>
    <subfield code="w">2025-10-04</subfield>
    <subfield code="y">BK</subfield>
  </datafield>
  <datafield tag="952" ind1=" " ind2=" ">
    <subfield code="0">0</subfield>
    <subfield code="1">0</subfield>
    <subfield code="2">ddc</subfield>
    <subfield code="4">0</subfield>
    <subfield code="7">0</subfield>
    <subfield code="8">PHY</subfield>
    <subfield code="a">CRCE</subfield>
    <subfield code="b">CRCE</subfield>
    <subfield code="d">2025-10-04</subfield>
    <subfield code="g">625.00</subfield>
    <subfield code="i">AO/25/09/487 dt 26.09.2025</subfield>
    <subfield code="l">0</subfield>
    <subfield code="o">530/MUR</subfield>
    <subfield code="p">26883</subfield>
    <subfield code="r">2025-10-04</subfield>
    <subfield code="w">2025-10-04</subfield>
    <subfield code="y">BK</subfield>
  </datafield>
  <datafield tag="952" ind1=" " ind2=" ">
    <subfield code="0">0</subfield>
    <subfield code="1">0</subfield>
    <subfield code="2">ddc</subfield>
    <subfield code="4">0</subfield>
    <subfield code="7">0</subfield>
    <subfield code="8">PHY</subfield>
    <subfield code="a">CRCE</subfield>
    <subfield code="b">CRCE</subfield>
    <subfield code="d">2025-10-04</subfield>
    <subfield code="g">625.00</subfield>
    <subfield code="i">AO/25/09/487 dt 26.09.2025</subfield>
    <subfield code="l">0</subfield>
    <subfield code="o">530/MUR</subfield>
    <subfield code="p">26884</subfield>
    <subfield code="r">2025-10-04</subfield>
    <subfield code="w">2025-10-04</subfield>
    <subfield code="y">BK</subfield>
  </datafield>
  <datafield tag="952" ind1=" " ind2=" ">
    <subfield code="0">0</subfield>
    <subfield code="1">0</subfield>
    <subfield code="2">ddc</subfield>
    <subfield code="4">0</subfield>
    <subfield code="7">0</subfield>
    <subfield code="8">PHY</subfield>
    <subfield code="a">CRCE</subfield>
    <subfield code="b">CRCE</subfield>
    <subfield code="d">2025-10-04</subfield>
    <subfield code="g">625.00</subfield>
    <subfield code="i">AO/25/09/487 dt 26.09.2025</subfield>
    <subfield code="l">0</subfield>
    <subfield code="o">530/MUR</subfield>
    <subfield code="p">26885</subfield>
    <subfield code="r">2026-05-25</subfield>
    <subfield code="w">2025-10-04</subfield>
    <subfield code="y">BK</subfield>
  </datafield>
  <datafield tag="952" ind1=" " ind2=" ">
    <subfield code="0">0</subfield>
    <subfield code="1">0</subfield>
    <subfield code="2">ddc</subfield>
    <subfield code="4">0</subfield>
    <subfield code="7">0</subfield>
    <subfield code="8">PHY</subfield>
    <subfield code="a">CRCE</subfield>
    <subfield code="b">CRCE</subfield>
    <subfield code="d">2025-10-04</subfield>
    <subfield code="g">625.00</subfield>
    <subfield code="i">AO/25/09/487 dt 26.09.2025</subfield>
    <subfield code="l">0</subfield>
    <subfield code="o">530/MUR</subfield>
    <subfield code="p">26886</subfield>
    <subfield code="r">2025-10-04</subfield>
    <subfield code="w">2025-10-04</subfield>
    <subfield code="y">BK</subfield>
  </datafield>
  <datafield tag="952" ind1=" " ind2=" ">
    <subfield code="0">0</subfield>
    <subfield code="1">0</subfield>
    <subfield code="2">ddc</subfield>
    <subfield code="4">0</subfield>
    <subfield code="7">0</subfield>
    <subfield code="8">PHY</subfield>
    <subfield code="a">CRCE</subfield>
    <subfield code="b">CRCE</subfield>
    <subfield code="d">2025-10-04</subfield>
    <subfield code="g">625.00</subfield>
    <subfield code="i">AO/25/09/487 dt 26.09.2025</subfield>
    <subfield code="l">0</subfield>
    <subfield code="o">530/MUR</subfield>
    <subfield code="p">26887</subfield>
    <subfield code="r">2025-10-04</subfield>
    <subfield code="w">2025-10-04</subfield>
    <subfield code="y">BK</subfield>
  </datafield>
  <datafield tag="952" ind1=" " ind2=" ">
    <subfield code="0">0</subfield>
    <subfield code="1">0</subfield>
    <subfield code="2">ddc</subfield>
    <subfield code="4">0</subfield>
    <subfield code="7">0</subfield>
    <subfield code="8">PHY</subfield>
    <subfield code="a">CRCE</subfield>
    <subfield code="b">CRCE</subfield>
    <subfield code="d">2025-10-04</subfield>
    <subfield code="g">625.00</subfield>
    <subfield code="i">AO/25/09/487 dt 26.09.2025</subfield>
    <subfield code="l">0</subfield>
    <subfield code="o">530/MUR</subfield>
    <subfield code="p">26888</subfield>
    <subfield code="r">2025-10-04</subfield>
    <subfield code="w">2025-10-04</subfield>
    <subfield code="y">BK</subfield>
  </datafield>
</record>
